header

Essentials of general,organic,and biochemistry:an integrated approach (Record no. 253310)

MARC details
000 -LEADER
fixed length control field 00564nam a22001937a 4500
003 - CONTROL NUMBER IDENTIFIER
control field OSt
005 - DATE AND TIME OF LATEST TRANSACTION
control field 20160509104211.0
008 - FIXED-LENGTH DATA ELEMENTS--GENERAL INFORMATION
fixed length control field 160509b xxu||||| |||| 00| 0 eng d
010 ## - LIBRARY OF CONGRESS CONTROL NUMBER
LC control number 2009930489
020 ## - INTERNATIONAL STANDARD BOOK NUMBER
International Standard Book Number 9780716761211
040 ## - CATALOGING SOURCE
Transcribing agency n/a
050 ## - LIBRARY OF CONGRESS CALL NUMBER
Classification number QD31.3
Item number .G85 2010
100 ## - MAIN ENTRY--PERSONAL NAME
Personal name Guinn,Denise
245 ## - TITLE STATEMENT
Title Essentials of general,organic,and biochemistry:an integrated approach
Statement of responsibility, etc Denise Guinn, and Rebecca Brewer
250 ## - EDITION STATEMENT
Edition statement complimentary copy
260 ## - PUBLICATION, DISTRIBUTION, ETC. (IMPRINT)
Place of publication, distribution, etc New York
Name of publisher, distributor, etc W.H.Freeman
Date of publication, distribution, etc c2010
300 ## - PHYSICAL DESCRIPTION
Extent xxx,592[58]p
Other physical details col,ill
Dimensions 29cm
942 ## - ADDED ENTRY ELEMENTS (KOHA)
Source of classification or shelving scheme Library of Congress Classification
Koha item type Long Loan Books
Holdings
Withdrawn status Lost status Source of classification or shelving scheme Damaged status Not for loan Collection code Home library Current library Shelving location Date acquired Total Checkouts Full call number Barcode Date last seen Date checked out Price effective from Koha item type
    Library of Congress Classification     Non-fiction Rongo University Library Rongo University Library General Stacks 09/05/2016 16 QD31.3 .G85 2010 201611679 11/10/2023 29/09/2023 09/05/2016 Long Loan Books

© 2026 Rongo University
Contact us: librarian | system librarian | Rongo university